| 000 | 01428nim a2200349 i 4500 | ||
|---|---|---|---|
| 001 | 197290 | ||
| 003 | ES-MaACL | ||
| 005 | 20250828062617.0 | ||
| 007 | ss lsnjlcipnne | ||
| 008 | 250424s1991 sp nnnn |||| 00| spa d | ||
| 040 |
_bspa _cES-MaACL |
||
| 100 | 0 |
_953219 _aGafo Fernández, Javier _eaut |
|
| 245 | 0 | 0 |
_aIntimidad, confidencialidad y privacidad _h[Grabación sonora] : _bcuarta conferencia del "Seminario sobre problemas éticos y jurídicos de la información sanitaria" / _cpor Javier Gafo |
| 246 | 1 | _aSeminario sobre problemas éticos y jurídicos de la información sanitaria | |
| 260 |
_aMadrid : _bAteneo de Madrid, _c1991. |
||
| 300 |
_a2 casetes (ca. 180 min) : _bson. ; _c11 cm |
||
| 490 | 1 | _3Actos culturales en el Ateneo de Madrid | |
| 518 | _aGrabado el 14 de enero de 1991 en el Salón de Actos del Ateneo de Madrid | ||
| 540 | _aDocumento inédito | ||
| 594 | _5Datos basados en la invitación | ||
| 610 | 2 | 0 |
_aAteneo de Madrid- _xActos culturales- _y1991- _vGrabaciones sonoras _9240452 |
| 650 | 7 |
_aÉtica médica _2embne _912587 |
|
| 653 | _aArchivo de la palabra | ||
| 655 | 0 |
_aConferencias _9234444 |
|
| 710 | 2 |
_91875 _aAteneo de Madrid _ehis |
|
| 830 | 0 |
_aActos culturales en el Ateneo de Madrid _9240237 |
|
| 852 |
_aES-MaACL _cDEPOZ _9205551 |
||
| 852 |
_aES-MaACL _cDEPOZ _9205585 |
||
| 942 |
_2udc _n0 _cCINTASAUD |
||
| 999 |
_c197290 _d197290 |
||